| 000 | 01683nam a22002177a 4500 | ||
|---|---|---|---|
| 005 | 20260128090606.0 | ||
| 008 | 250107b ||||| |||| 00| 0 eng d | ||
| 020 | _a9781526648549 | ||
| 040 | _cAL | ||
| 041 | _aeng | ||
| 082 |
_223 _a823.914 _bKATA |
||
| 100 |
_aZoulfa Katouh _9252867 |
||
| 245 | _aAs long as the lemon trees Grow | ||
| 260 |
_aLondon _bBloomsbury _c2022 |
||
| 300 |
_avi,458p _bPB _c20x13cm |
||
| 365 |
_2Physics _aXIA4-155580 _b389.94 _c₹ _d402.00 _e3% _f17-12-2024 |
||
| 520 | _aBurning with the fires of hope and possibility, AS LONG AS THE LEMON TREES GROW will sweep you up and never let you go. Salama Kassab was a pharmacy student when the cries for freedom broke out in Syria. She still had her parents and her big brother; she still had her home. She was even supposed to be meeting a boy to talk about marriage. Now Salama volunteers at a hospital in Homs, helping the wounded who flood through the doors. She knows that she should be thinking about leaving, but who will help the people of her beloved country if she doesn't? With her heart so conflicted, her mind has conjured a vision to spur her to action. His name is Khawf, and he haunts her nights with hallucinations of everything she has lost. But even with Khawf pressing her to leave, when she crosses paths with Kenan, the boy she was supposed to meet on that fateful day, she starts to doubt her resolve in leaving home at all. Soon, Salama must learn to see the events around her for what they truly are—not a war, but a revolution—and decide how she, too, will cry for Syria’s freedom | ||
| 650 |
_aEnglish Fiction _9192391 |
||
| 650 |
_aEnglish Novel _9192392 |
||
| 942 |
_2ddc _cBK |
||
| 999 |
_c233528 _d233528 |
||